000
00265nam a2200109Ia 4500
008
190216s9999||||xx |||||||||||||| ||und||
100
_a
Say R K
245
0
_a
Indian Economics Growth-Constrains&Prospects
260
_b
Orient Longman
650
_a
English
942
_c
BK
999
_c
9312
_d
9312